| 000 | 00447nam a2200181Ia 4500 | ||
|---|---|---|---|
| 005 | 20250423101721.0 | ||
| 008 | 250422s9999 xx 000 0 und d | ||
| 020 | _a1761502416 | ||
| 050 | _aQA 76.76.O63 .R433/ | ||
| 100 | _aAndrew Reese | ||
| 245 | 0 | _aWindows 95 : easy installation guide | |
| 260 | _aCalifornia | ||
| 260 | _bPrima Publishing | ||
| 260 | _c1995 | ||
| 300 | _a100 p | ||
| 650 | _aMinimum System Requirement | ||
| 942 | _cBK | ||
| 999 |
_c37067 _d37067 |
||